000 00235nam a2200097Ia 4500
001 776547
005 20250826165850.0
008 250824s9999 xx 000 0 und d
245 0 _aFARKINDALIĞINI FARKET
_cHİDAYET OKTAY
260 _bDOKUZ
999 _c776547
_d776547